<?xml version="1.0" encoding="UTF-8"?>
<record
    xmlns:xsi="http://www.w3.org/2001/XMLSchema-instance"
    xsi:schemaLocation="http://www.loc.gov/MARC21/slim http://www.loc.gov/standards/marcxml/schema/MARC21slim.xsd"
    xmlns="http://www.loc.gov/MARC21/slim">

  <leader>02652nam a2200253   4500</leader>
  <controlfield tag="003">vecauma</controlfield>
  <controlfield tag="005">20260304203310.0</controlfield>
  <controlfield tag="007">ta</controlfield>
  <controlfield tag="008">260304b        ve ||||| |||| 00| 0 spa d</controlfield>
  <datafield tag="020" ind1=" " ind2=" ">
    <subfield code="a">9786071503350</subfield>
  </datafield>
  <datafield tag="040" ind1=" " ind2=" ">
    <subfield code="a">vecauma</subfield>
    <subfield code="b">spa</subfield>
    <subfield code="c">vecauma</subfield>
    <subfield code="d">vecauma</subfield>
    <subfield code="e">rda</subfield>
  </datafield>
  <datafield tag="041" ind1=" " ind2=" ">
    <subfield code="a">spa</subfield>
  </datafield>
  <datafield tag="100" ind1="1" ind2=" ">
    <subfield code="e">autor</subfield>
  </datafield>
  <datafield tag="245" ind1="1" ind2=" ">
    <subfield code="a">Microeconom&#xED;a con aplicaciones a Latinoam&#xE9;rica </subfield>
    <subfield code="c">/Paul A. Samuelson </subfield>
  </datafield>
  <datafield tag="264" ind1=" " ind2=" ">
    <subfield code="a">M&#xE9;xico:</subfield>
    <subfield code="b">McGRAW-Hill;</subfield>
    <subfield code="c">2010.</subfield>
  </datafield>
  <datafield tag="300" ind1=" " ind2=" ">
    <subfield code="a">403 p&#xE1;ginas. </subfield>
  </datafield>
  <datafield tag="336" ind1=" " ind2=" ">
    <subfield code="a">texto</subfield>
    <subfield code="b">txt</subfield>
    <subfield code="2">rdacontenido</subfield>
  </datafield>
  <datafield tag="337" ind1=" " ind2=" ">
    <subfield code="a">no mediado</subfield>
    <subfield code="b">n</subfield>
    <subfield code="2">rdamedio</subfield>
  </datafield>
  <datafield tag="338" ind1=" " ind2=" ">
    <subfield code="a">volumen</subfield>
    <subfield code="b">nc</subfield>
    <subfield code="2">rdasoporte</subfield>
  </datafield>
  <datafield tag="505" ind1="0" ind2=" ">
    <subfield code="a">                                                                Conceptos b&#xE1;sicos 

Los fundamentos de la econom&#xED;a
La moderna econom&#xED;a mixta 
Conceptos b&#xE1;sicos de la oferta y de la demanda 

                                    Microeconom&#xED;a: oferta, demanda y mercados de productos

Oferta y demanda: elasticidad y aplicaciones 
Demanda y comportamiento del consumidor 
Producci&#xF3;n y organizaci&#xF3;n de los negocios 
An&#xE1;lisis de costos 
An&#xE1;lisis de los mercados perfectamente competitivos 
La competencia imperfecta y el monopolio 

                                        Los mercados de los factores: trabajo, tierra y capital 

Forma en que los mercados determinan los ingresos 
El mercado de trabajo 
La Tierra, los recursos naturales y el ambiente 
Capital, inter&#xE9;s y utilidades 

                                                   Aplicaciones de los principios econ&#xF3;micos 

Los impuestos y los gastos gubernamentales 
Eficiencia contra igualdad: el gran intercambio 
El comercio internacional
</subfield>
  </datafield>
  <datafield tag="520" ind1="3" ind2=" ">
    <subfield code="a">Con un contenido tan actual y relevante como siempre, Microeconom&#xED;a con aplicaciones a Latinoam&#xE9;rica, de Samuelson y Nordhaus, sigue siendo la obra que establece el modelo en la introducci&#xF3;n a los principios de la econom&#xED;a moderna. La decimonovena edici&#xF3;n de este texto atemporal cuenta con una perspectiva actualizada de los mercados financieros y de la pol&#xED;tica monetaria. y cubre los siguientes temas de actualidad:

&#x2022;Gasolina y racionamiento
&#x2022;Compensaciones ejecutivas
&#x2022;Costo de la guerra en Irak
&#x2022;La vivienda y la aversi&#xF3;n a la p&#xE9;rdida
&#x2022;Econom&#xED;a del calentamiento global
&#x2022;Principios de la seguridad social
&#x2022;Fuentes de la desigualdad creciente

Esta nueva edici&#xF3;n tambi&#xE9;n sigue dando especial &#xE9;nfasis al aspecto anal&#xED;tico de la econom&#xED;a, en particular al crecimiento econ&#xF3;mico y al estudio de la econom&#xED;a de mercado, y en general a los conceptos m&#xE1;s importantes del curso.
</subfield>
  </datafield>
  <datafield tag="942" ind1=" " ind2="1">
    <subfield code="2">lcc</subfield>
    <subfield code="n">0</subfield>
    <subfield code="c">BK</subfield>
  </datafield>
  <datafield tag="999" ind1=" " ind2=" ">
    <subfield code="c">13167</subfield>
    <subfield code="d">13167</subfield>
  </datafield>
  <datafield tag="952" ind1=" " ind2=" ">
    <subfield code="0">0</subfield>
    <subfield code="1">0</subfield>
    <subfield code="2">lcc</subfield>
    <subfield code="4">0</subfield>
    <subfield code="7">0</subfield>
    <subfield code="8">CG</subfield>
    <subfield code="a">BUMA</subfield>
    <subfield code="b">BUMA</subfield>
    <subfield code="c">GEN</subfield>
    <subfield code="d">2026-03-04</subfield>
    <subfield code="l">0</subfield>
    <subfield code="p">2026-0299</subfield>
    <subfield code="r">2026-03-04</subfield>
    <subfield code="w">2026-03-04</subfield>
    <subfield code="y">BK</subfield>
  </datafield>
</record>
